| 000 | 01026cam a2200325 i 4500 | ||
|---|---|---|---|
| 001 | 200447840 | ||
| 003 | TR-AnTOB | ||
| 005 | 20251229144841.0 | ||
| 007 | ta | ||
| 008 | 220302r1974 pl abf 000 0deng d | ||
| 010 | _a 75306558 | ||
| 020 | _czł175.00 | ||
| 040 |
_aDLC _beng _erda _cDLC _dDLC _dMoSU-L _dTR-AnTOB |
||
| 041 | 1 |
_aeng _hpol |
|
| 043 | _ae-pl--- | ||
| 050 | 0 | 0 |
_aDK404 _b.P625613 1977 |
| 090 |
_aTOBBK DK404 _b.P625613 1977 |
||
| 130 | 0 |
_aPolska, informator. _lEnglish. |
|
| 245 | 1 | 0 |
_aPoland : _ba handbook. |
| 264 | 1 |
_aWarsaw : _bInterpress Publishers, _c1974. |
|
| 300 |
_a572 pages, [75] leaves of plates (1 fold.) : _billustrations, maps (some col.) ; _c25 cm |
||
| 336 |
_atext _btxt _2rdacontent |
||
| 337 |
_aunmediated _bn _2rdamedia |
||
| 338 |
_avolume _bnc _2rdacarrier |
||
| 500 | _a"Poland 1974" (12 p.) and "30th anniversary of the Polish Peoples Republic" (18 p.) laid in. | ||
| 651 | 0 |
_aPoland _9151358 |
|
| 942 |
_2z _cBK |
||
| 999 |
_c200447840 _d66052 |
||